00665nam a2200229 a 4500001001300000003000900013005001700022008004100039020002300080082001500103100001800118245003500136260003700171300000900208500003500217505001700252700001800269902000800287942000700295952011600302999001700418nice12345678IN_TiNIC20260116014052.0050524s1979 newa grp 000 0 eng  a087975124X c62500a211.8bSMI aSmith, George aAtheismb the Case Against God aNew YorkbPrometheus Book c1979 a354p aincludes index and biblioraphy2 aBibliography1 aSmith, George bSRS cBK 001040708StackRoom-aHMIbHMId2005-05-24g625.00l0o211.8 SMIp021376r2023-07-04v625.00w2005-05-24yBK c13735d13735